000 00324nam a22001457a 4500
008 210604b ||||| |||| 00| 0 eng d
020 _a9780619055783
041 _aeng
080 _22nd
_a004
082 _a004
100 _a28
101 _aSHKI
245 _aComputer Concepts Basics
_cDollores Wells
942 _2udc
_cBK
999 _c57962
_d57962